Language Quiz

Random Language or Letter Quiz

Where to with Q and U? Quiz Stats

 Plays Quiz Updated Oct 21, 2016

Also try: 'Q', 'X', 'Z' Game
Challenge
Share
Tweet
Embed
Score 0/30 Timer 03:00
1 Play Today
QU-less Word Word with QU % Correct
ARTQuart
97.8%
ILLSQuills
92.1%
AILQuail
92%
EASYQueasy
91.4%
PIEPique
90.2%
SEELSequel
86.8%
BANETBanquet
86.5%
EATOREquator
86.2%
ERIESQueries
85.5%
RISERisque
83.8%
SIDSSquids
83.7%
ANTIEAntique
81.6%
SEESTERSequester
80.6%
CONERConquer
80.1%
LACERLacquer
79.9%
QU-less Word Word with QU % Correct
EINEEquine
77.9%
SEALERSquealer
73.1%
BEESTBequest
72.2%
SOLILOYSoliloquy
71.4%
TORETorque
71.2%
SEOIASequoia
71%
MYSTIEMystique
63.7%
ALIFIABLEQualifiable
61.7%
EXISITEExquisite
60.6%
ID PRO OQuid Pro Quo
60.4%
MAREMarque
58.4%
KUMATSKumquats
57.4%
EUSEquus
53.7%
PICARESEPicaresque
45.2%
ALBUEREAlbuquerque
42.5%

You're not logged in!

Compare scores with friends on all Sporcle quizzes.
Join for Free
OR
Log In

You Might Also Like...

Show Comments

Extras

Top Quizzes Today


Score Distribution

Your Account Isn't Verified!

In order to create a playlist on Sporcle, you need to verify the email address you used during registration. Go to your Sporcle Settings to finish the process.

Report this User

Report this user for behavior that violates our Community Guidelines.

Details: